Chapter 16 The Role of Validation in Integrating Multiple Perspectives (Record no. 10421)
[ view plain ]
| 000 -LEADER | |
|---|---|
| fixed length control field | 00806nam a2200121Ia 4500 |
| 008 - FIXED-LENGTH DATA ELEMENTS--GENERAL INFORMATION | |
| fixed length control field | 220615s9999||||xx |||||||||||||| ||und|| |
| 100 ## - MAIN ENTRY--PERSONAL NAME | |
| Personal name | Richter, Tobias||Münchow, Hannes||Abendroth, Johanna |
| 245 #0 - TITLE STATEMENT | |
| Title | Chapter 16 The Role of Validation in Integrating Multiple Perspectives |
| 546 ## - LANGUAGE NOTE | |
| Language note | English[eng] |
| 650 ## - SUBJECT ADDED ENTRY--TOPICAL TERM | |
| Topical term or geographic name entry element | The Role of Validation in Integrating Multiple Perspectives, Handbook of Learning from Multiple Representations and Perspectives, Tobias Richter, Hannes Münchow, Johanna Abendroth, validity, two-step model, beliefs, comprehension, integration, multiple texts, text comprehension, digital learning, knowledge creation, componential information, conflicting information |
| 856 ## - ELECTRONIC LOCATION AND ACCESS | |
| Uniform Resource Identifier | <a href="https://library.oapen.org/bitstream/20.500.12657/49685/1/9780429443961_oachapter16.pdf">https://library.oapen.org/bitstream/20.500.12657/49685/1/9780429443961_oachapter16.pdf</a> |
| 942 ## - ADDED ENTRY ELEMENTS (KOHA) | |
| Koha item type | E-Books |
| Withdrawn status | Lost status | Damaged status | Not for loan | Home library | Current library | Date acquired | Total Checkouts | Date last seen | Price effective from | Koha item type |
|---|---|---|---|---|---|---|---|---|---|---|
| Kerala University of Digital Sciences, Innovation and Technology Knowledge Centre | Kerala University of Digital Sciences, Innovation and Technology Knowledge Centre | 15/06/2022 | 15/06/2022 | 15/06/2022 | E-Books |